[Event "La Fere op 11th"]
[Site "La Fere"]
[Date "2012.07.12"]
[Round "7"]
[White "Llaneza Vega, Patricia"]
[Black "Thomas, Olivier"]
[Result "1-0"]
[WhiteElo "2225"]
[BlackElo "1998"]
[PlyCount "79"]
[EventDate "2012.07.07"]
[EventType "swiss"]
[EventRounds "9"]
[EventCountry "FRA"]
[SourceTitle "CBM 149 Extra"]
[Source "ChessBase"]
[SourceDate "2012.08.24"]
[SourceVersion "1"]
[SourceVersionDate "2012.08.24"]
[SourceQuality "1"]

1. e4 c5 2. Nf3 e6 3. d4 cxd4 4. Nxd4 Nf6 5. Nc3 Nc6 6. Ndb5 d6 7. Bf4 e5 8. Bg5 a6 9. Na3 b5 10. Nd5 Be7 11. Bxf6 Bxf6 12. c4 b4 13. Nc2 a5 14. g3 0-0 15. h4 Nb8 16. Bg2 Na6 17. 0-0 Nc5 18. Nce3 g6 19. a3 bxa3 20. Rxa3 Bb7 21. h5 Bg7 22. hxg6 fxg6 23. Qd2 Bc6 24. b4 axb4 25. Rxa8 Bxa8 26. Qxb4 Rf7 27. Qa3 Bxd5 28. cxd5 Rb7 29. Nc4 Bf8 30. Qf3 Rb4 31. Qe2 Qb8 32. Bh3 Bh6 33. Be6+ Kh8 34. Kg2 Bf8 35. Ra1 Nxe6 36. dxe6 Qe8 37. Ne3 Rxe4 38. Qf3 Rxe3 39. fxe3 Qe7 40. Rf1 1-0

[Event "La Fere op 11th"]
[Site "La Fere"]
[Date "2012.07.11"]
[Round "6"]
[White "Thomas, Olivier"]
[Black "Derigny, Philippe"]
[Result "1-0"]
[WhiteElo "1998"]
[BlackElo "1977"]
[PlyCount "53"]
[EventDate "2012.07.07"]
[EventType "swiss"]
[EventRounds "9"]
[EventCountry "FRA"]
[SourceTitle "CBM 149 Extra"]
[Source "ChessBase"]
[SourceDate "2012.08.24"]
[SourceVersion "1"]
[SourceVersionDate "2012.08.24"]
[SourceQuality "1"]

1. e4 d6 2. Bc4 Nf6 3. d3 Nbd7 4. f4 e5 5. Nf3 Be7 6. Nc3 0-0 7. 0-0 c6 8. a4 Qc7 9. Kh1 Nb6 10. Bb3 Bg4 11. h3 Bxf3 12. Qxf3 Nbd7 13. f5 Nc5 14. Ba2 Nfd7 15. g4 Qd8 16. Rg1 Bg5 17. Bxg5 Qxg5 18. Qf2 Kh8 19. Raf1 a5 20. Qg3 Nb6 21. f6 gxf6 22. Rf5 Qg6 23. Qh4 Nbd7 24. g5 Rg8 25. Rg4 h6 26. gxf6 Qh7 27. Rh5 1-0

[Event "La Fere op 10th"]
[Site "La Fere"]
[Date "2011.07.09"]
[Round "9.16"]
[White "Jean, Robert"]
[Black "Thomas, Olivier"]
[Result "1/2-1/2"]
[WhiteElo "1808"]
[BlackElo "2035"]
[PlyCount "87"]
[EventDate "2011.07.02"]
[EventType "swiss"]
[EventRounds "9"]
[EventCountry "FRA"]
[SourceTitle "EXT 2012"]
[Source "ChessBase"]
[SourceDate "2011.11.24"]
[SourceVersion "1"]
[SourceVersionDate "2011.11.24"]
[SourceQuality "1"]

1. c4 Nf6 2. g3 g6 3. Bg2 Bg7 4. Nc3 d6 5. e4 e5 6. Nge2 Nc6 7. d3 0-0 8. 0-0 Nh5 9. Be3 f5 10. exf5 Bxf5 11. Ne4 Qd7 12. d4 Rac8 13. d5 Nd4 14. f3 Bxe4 15. fxe4 Rxf1+ 16. Kxf1 Nxe2 17. Qxe2 Rf8+ 18. Kg1 Nf6 19. Rf1 a6 20. b3 Qg4 21. Qxg4 Nxg4 22. Rxf8+ Kxf8 23. Bd2 Bh6 24. Be1 Be3+ 25. Kh1 Nf6 26. h3 Nd7 27. Ba5 c6 28. Bf3 cxd5 29. cxd5 b6 30. Bc3 Ke7 31. b4 Bd4 32. Bd2 b5 33. Kg2 Nb6 34. Be2 Na4 35. Bg5+ Kf7 36. Bg4 Nc3 37. Be6+ Ke8 38. Kf3 Nxa2 39. Bd2 Bc3 40. Bxc3 Nxc3 41. Bc8 Na2 42. Bxa6 Nxb4 43. Bxb5+ Ke7 44. g4 1/2-1/2

[Event "La Fere op 10th"]
[Site "La Fere"]
[Date "2011.07.04"]
[Round "3.15"]
[White "Obert, Julien"]
[Black "Thomas, Olivier"]
[Result "1/2-1/2"]
[WhiteElo "1792"]
[BlackElo "2035"]
[PlyCount "50"]
[EventDate "2011.07.02"]
[EventType "swiss"]
[EventRounds "9"]
[EventCountry "FRA"]
[SourceTitle "EXT 2012"]
[Source "ChessBase"]
[SourceDate "2011.11.24"]
[SourceVersion "1"]
[SourceVersionDate "2011.11.24"]
[SourceQuality "1"]

1. e4 c5 2. Nf3 e6 3. d4 cxd4 4. Nxd4 Nf6 5. Nc3 Nc6 6. Ndb5 d6 7. Bf4 e5 8. Bg5 a6 9. Na3 b5 10. Nd5 Be7 11. Bxf6 Bxf6 12. c3 Ne7 13. Nxe7 Bxe7 14. Nc2 Bb7 15. Bd3 d5 16. exd5 Bxd5 17. Ne3 Bb7 18. 0-0 0-0 19. Qc2 g6 20. Rad1 Qc7 21. Be4 Rad8 22. Nd5 Bxd5 23. Bxd5 Kg7 24. Qe2 Bf6 25. Bb3 Rxd1 1/2-1/2

[Event "Avoine op 25th"]
[Site "Avoine"]
[Date "2010.07.24"]
[Round "8"]
[White "Senay, Dominique"]
[Black "Thomas, Olivier"]
[Result "0-1"]
[WhiteElo "1654"]
[BlackElo "1478"]
[PlyCount "68"]
[EventDate "2010.07.17"]
[EventType "swiss"]
[EventRounds "9"]
[EventCountry "FRA"]
[SourceTitle "EXT 2011"]
[Source "ChessBase"]
[SourceDate "2010.11.26"]
[SourceVersion "1"]
[SourceVersionDate "2010.11.26"]
[SourceQuality "1"]

1. d4 Nf6 2. c4 g6 3. Nc3 Bg7 4. e4 d6 5. f4 0-0 6. Nf3 Na6 7. e5 Nd7 8. c5 dxc5 9. d5 Nb6 10. Be3 Nb4 11. Bxc5 N4xd5 12. Nxd5 Nxd5 13. Bc4 c6 14. Qd2 b6 15. Ba3 a5 16. Rd1 Bb7 17. Qe2 Qd7 18. Bxd5 cxd5 19. Nd4 Ba6 20. Qe3 Rfd8 21. Bxe7 Qxe7 22. Nc6 Qc5 23. Qxc5 bxc5 24. Nxd8 Rxd8 25. Kf2 Bc8 26. b3 Bf8 27. h3 h5 28. Kf3 Bf5 29. Rhg1 Be4+ 30. Ke3 c4 31. Kd4 Rc8 32. Kc3 Bb4+ 33. Kb2 c3+ 34. Ka1 c2 0-1

[Event "Avoine op 25th"]
[Site "Avoine"]
[Date "2010.07.21"]
[Round "5"]
[White "Thomas, Olivier"]
[Black "Dupeux, Denis"]
[Result "1/2-1/2"]
[WhiteElo "2060"]
[BlackElo "1860"]
[PlyCount "35"]
[EventDate "2010.07.17"]
[EventType "swiss"]
[EventRounds "9"]
[EventCountry "FRA"]
[SourceTitle "EXT 2011"]
[Source "ChessBase"]
[SourceDate "2010.11.26"]
[SourceVersion "1"]
[SourceVersionDate "2010.11.26"]
[SourceQuality "1"]

1. e4 c5 2. Nc3 Nc6 3. f4 g6 4. Nf3 Bg7 5. Bc4 e6 6. f5 Nge7 7. fxe6 fxe6 8. 0-0 0-0 9. d3 d5 10. Bb3 a6 11. Qe1 Nd4 12. Qh4 Nxf3+ 13. gxf3 c4 14. dxc4 dxc4 15. Bxc4 Qd4+ 16. Kg2 Nf5 17. Qf2 Qxc4 18. exf5 1/2-1/2

[Event "La Fere op"]
[Site "La Fere"]
[Date "2010.07.05"]
[Round "3"]
[White "Ben Porat, Tal"]
[Black "Thomas, Olivier"]
[Result "0-1"]
[WhiteElo "1849"]
[BlackElo "2064"]
[PlyCount "50"]
[EventDate "2010.07.03"]
[EventType "swiss"]
[EventRounds "9"]
[EventCountry "FRA"]
[SourceTitle "CBM 137 Extra"]
[Source "ChessBase"]
[SourceDate "2010.09.01"]
[SourceVersion "1"]
[SourceVersionDate "2010.09.01"]
[SourceQuality "1"]

1. e4 c5 2. Ne2 Nc6 3. Nbc3 e6 4. g3 g6 5. Bg2 Bg7 6. d3 d6 7. Be3 Rb8 8. Qd2 b5 9. 0-0 Nd4 10. Nd1 Ne7 11. c3 Nxe2+ 12. Qxe2 b4 13. Qd2 bxc3 14. bxc3 Ba6 15. Rc1 Qa5 16. c4 Qa3 17. f4 0-0 18. g4 f5 19. exf5 exf5 20. g5 Bb7 21. Bxb7 Rxb7 22. d4 cxd4 23. Bxd4 Bxd4+ 24. Qxd4 Qxc1 25. Qxd6 Qxc4 0-1

[Event "La Fere op"]
[Site "La Fere"]
[Date "2010.07.05"]
[Round "4"]
[White "Thomas, Olivier"]
[Black "Fomichenko, Svetlana"]
[Result "1/2-1/2"]
[WhiteElo "2064"]
[BlackElo "2218"]
[PlyCount "91"]
[EventDate "2010.07.03"]
[EventType "swiss"]
[EventRounds "9"]
[EventCountry "FRA"]
[SourceTitle "CBM 137 Extra"]
[Source "ChessBase"]
[SourceDate "2010.09.01"]
[SourceVersion "1"]
[SourceVersionDate "2010.09.01"]
[SourceQuality "1"]

1. e4 c5 2. Nc3 Nc6 3. f4 g6 4. Nf3 Bg7 5. Bc4 e6 6. f5 Nge7 7. fxe6 dxe6 8. d3 0-0 9. 0-0 Na5 10. Bb3 b6 11. Bg5 h6 12. Be3 Nec6 13. Qd2 Kh7 14. e5 Nxb3 15. axb3 Nxe5 16. Nxe5 Bxe5 17. Bxh6 Bxh2+ 18. Kxh2 Qh4+ 19. Kg1 Qxh6 20. Qf2 Bb7 21. Ra4 g5 22. Qg3 f5 23. Qd6 Qf6 24. Nb5 Rad8 25. Qh2+ Kg6 26. Rxa7 Rd7 27. Re1 Rh8 28. Qe5 Qxe5 29. Rxe5 Kf6 30. Re2 g4 31. Kf2 f4 32. Nd6 g3+ 33. Ke1 Rh1+ 34. Kd2 Rxd6 35. Rxb7 e5 36. Rb8 Re6 37. Rf8+ Ke7 38. Rf5 Kd7 39. Kc3 Rh2 40. Kc4 Kd6 41. b4 cxb4 42. Kxb4 Rh4 43. d4 f3 44. Rxf3 Rxd4+ 45. Kc3 Rg4 46. Rfe3 1/2-1/2

[Event "Avoine op 23rd"]
[Site "Avoine"]
[Date "2008.07.26"]
[Round "8"]
[White "Lukasiewicz, Aleksander"]
[Black "Thomas, Olivier"]
[Result "1/2-1/2"]
[WhiteElo "1809"]
[BlackElo "2105"]
[PlyCount "52"]
[EventDate "2008.07.19"]
[EventType "swiss"]
[EventRounds "9"]
[EventCountry "FRA"]
[SourceTitle "CBM 125 Extra"]
[Source "ChessBase"]
[SourceDate "2008.09.01"]
[SourceVersion "1"]
[SourceVersionDate "2008.09.01"]
[SourceQuality "1"]

1. e4 c5 2. Nf3 Nc6 3. d4 cxd4 4. Nxd4 Nf6 5. Nc3 e5 6. Ndb5 d6 7. a4 a6 8. Na3 Be6 9. Bg5 Rc8 10. Bc4 Be7 11. Bxf6 Bxf6 12. Nd5 Bg5 13. 0-0 0-0 14. c3 Kh8 15. Qd3 f5 16. f3 Na5 17. Kh1 Nxc4 18. Nxc4 Bxd5 19. Qxd5 Rc5 20. Qd3 d5 21. exd5 Rxd5 22. Qe2 Re8 23. Rad1 Bf6 24. Rxd5 Qxd5 25. Rd1 Qc6 26. Nd6 Re6 1/2-1/2

[Event "Avoine op 23rd"]
[Site "Avoine"]
[Date "2008.07.25"]
[Round "7"]
[White "Gerard, Nicolas"]
[Black "Thomas, Olivier"]
[Result "1/2-1/2"]
[WhiteElo "2274"]
[BlackElo "2105"]
[PlyCount "75"]
[EventDate "2008.07.19"]
[EventType "swiss"]
[EventRounds "9"]
[EventCountry "FRA"]
[SourceTitle "CBM 125 Extra"]
[Source "ChessBase"]
[SourceDate "2008.09.01"]
[SourceVersion "1"]
[SourceVersionDate "2008.09.01"]
[SourceQuality "1"]

1. d4 Nf6 2. c4 g6 3. Nc3 Bg7 4. e4 d6 5. f4 0-0 6. Nf3 Na6 7. e5 Nd7 8. h4 c5 9. d5 dxe5 10. h5 exf4 11. Bxf4 Nc7 12. hxg6 fxg6 13. Qd2 Nf6 14. Bh6 Ng4 15. Bxg7 Kxg7 16. Ne4 Ne8 17. Nxc5 Qc7 18. Qd4+ Kg8 19. 0-0-0 Rf4 20. Qd2 b6 21. Ne6 Bxe6 22. dxe6 Ng7 23. Qd7 Qc5 24. Re1 Ne3 25. Kb1 Nxf1 26. Rhxf1 Raf8 27. Rh1 Qf5+ 28. Ka1 Qf6 29. Qxa7 Rxc4 30. Qxb6 Rc2 31. Ne5 Qf2 32. Qb3 Qxg2 33. Rhg1 Re8 34. Nd3 Qd2 35. Rd1 Qh2 36. a3 Nf5 37. Rh1 Qg3 38. Qb4 1/2-1/2

[Event "La Fere op 7th"]
[Site "La Fere"]
[Date "2008.07.08"]
[Round "5"]
[White "Thomas, Olivier"]
[Black "Casier, Fabrice"]
[Result "1/2-1/2"]
[WhiteElo "2105"]
[BlackElo "1831"]
[PlyCount "87"]
[EventDate "2008.07.05"]
[EventType "swiss"]
[EventRounds "9"]
[EventCountry "FRA"]
[SourceTitle "CBM 125 Extra"]
[Source "ChessBase"]
[SourceDate "2008.09.01"]
[SourceVersion "1"]
[SourceVersionDate "2008.09.01"]
[SourceQuality "1"]

1. e4 d5 2. exd5 Qxd5 3. Nc3 Qa5 4. Bc4 Nf6 5. d3 c6 6. Nge2 Bf5 7. Bd2 e6 8. Ng3 Qe5+ 9. Nce2 Nbd7 10. Bc3 Qc5 11. Nxf5 Qxf5 12. Ng3 Qf4 13. Nh5 Nxh5 14. Qxh5 Nf6 15. Qe2 Bc5 16. g3 Qf5 17. d4 Bb6 18. 0-0-0 0-0-0 19. Bd3 Qd5 20. Bc4 Qf5 21. f3 Ba5 22. Bxa5 Qxa5 23. Qe1 Qb6 24. c3 Rhe8 25. Qe2 Qc7 26. Rhe1 Nd5 27. f4 g6 28. Bb3 h5 29. Qe5 Rh8 30. Bxd5 cxd5 31. Qxc7+ Kxc7 32. h4 Rd6 33. Kd2 b5 34. Ke3 Kd7 35. Ra1 Rb8 36. a3 a5 37. Rec1 Rdb6 38. b3 Rc8 39. Kd2 Kd6 40. Rc2 Rc7 41. Re1 Ra6 42. Rec1 Rac6 43. Kd3 Rc8 44. Kd2 1/2-1/2

[Event "La Fere op 7th"]
[Site "La Fere"]
[Date "2008.07.07"]
[Round "4"]
[White "Feryn, Benjamin"]
[Black "Thomas, Olivier"]
[Result "1/2-1/2"]
[WhiteElo "1918"]
[BlackElo "2105"]
[PlyCount "60"]
[EventDate "2008.07.05"]
[EventType "swiss"]
[EventRounds "9"]
[EventCountry "FRA"]
[SourceTitle "CBM 125 Extra"]
[Source "ChessBase"]
[SourceDate "2008.09.01"]
[SourceVersion "1"]
[SourceVersionDate "2008.09.01"]
[SourceQuality "1"]

1. e4 c5 2. Nf3 e6 3. d4 cxd4 4. Nxd4 Nf6 5. Nc3 Nc6 6. Be3 Bb4 7. Bd3 d5 8. Nxc6 bxc6 9. e5 Nd7 10. Qg4 Bxc3+ 11. bxc3 g6 12. f4 Qa5 13. Bd2 Qb6 14. Qf3 Nc5 15. Qe3 Nxd3+ 16. cxd3 Ba6 17. Ke2 c5 18. Rhb1 Qc6 19. Qf3 0-0 20. Rf1 Rab8 21. Rab1 Rxb1 22. Rxb1 Qa4 23. Rb2 Qa3 24. Rc2 Rb8 25. Bc1 Qa4 26. Rd2 Rf8 27. Rb2 f6 28. exf6 Rxf6 29. g3 Qd7 30. Qe3 Qd6 1/2-1/2

[Event "La Fere op 7th"]
[Site "La Fere"]
[Date "2008.07.05"]
[Round "1"]
[White "Thomas, Olivier"]
[Black "Konguvel, Ponnuswamy"]
[Result "0-1"]
[WhiteElo "2105"]
[BlackElo "2415"]
[PlyCount "88"]
[EventDate "2008.07.05"]
[EventType "swiss"]
[EventRounds "9"]
[EventCountry "FRA"]
[SourceTitle "CBM 125 Extra"]
[Source "ChessBase"]
[SourceDate "2008.09.01"]
[SourceVersion "1"]
[SourceVersionDate "2008.09.01"]
[SourceQuality "1"]

1. e4 c5 2. Nc3 d6 3. f4 g6 4. Nf3 Bg7 5. Bc4 Nc6 6. 0-0 e6 7. f5 exf5 8. d3 Nge7 9. Qe1 h6 10. Qg3 Ne5 11. Nxe5 dxe5 12. exf5 Nxf5 13. Bb5+ Kf8 14. Qf3 Kg8 15. Bc4 Kh7 16. Bxf7 Rf8 17. Bb3 e4 18. Qe2 exd3 19. cxd3 Nd4 20. Qd1 Nxb3 21. axb3 Qd4+ 22. Kh1 Bg4 23. Rxf8 Rxf8 24. Qe1 Qxd3 25. Bd2 a6 26. Qe3 Rd8 27. Qxd3 Rxd3 28. Be1 Be6 29. Na4 Bd4 30. Rc1 Rxb3 31. Nxc5 Bxc5 32. Rxc5 Rxb2 33. Rc7+ Kg8 34. Kg1 Bd5 35. Rd7 Rxg2+ 36. Kf1 Bc6 37. Rd6 Rxh2 38. Rxg6+ Kf7 39. Rd6 h5 40. Rd2 Rxd2 41. Bxd2 h4 42. Ke2 Ke6 43. Be1 h3 44. Bg3 a5 0-1

[Event "La Fere op 5th"]
[Site "La Fere"]
[Date "2006.07.14"]
[Round "9"]
[White "Thomas, Olivier"]
[Black "Pavillon, Guillaume"]
[Result "1-0"]
[WhiteElo "2126"]
[BlackElo "1790"]
[PlyCount "25"]
[EventDate "2006.07.08"]
[EventType "swiss"]
[EventRounds "9"]
[EventCountry "FRA"]
[SourceTitle "CBM 113 Extra"]
[Source "ChessBase"]
[SourceDate "2006.09.14"]
[SourceVersion "1"]
[SourceVersionDate "2006.09.14"]
[SourceQuality "1"]

1. e4 e6 2. d4 d5 3. e5 c5 4. c3 Qb6 5. Nf3 Bd7 6. Bd3 Bb5 7. 0-0 Nc6 8. dxc5 Bxc5 9. b4 Be7 10. Be3 Qa6 11. Bxb5 Qxb5 12. a4 Qc4 13. Na3 1-0

[Event "La Fere op 4th"]
[Site "La Fere"]
[Date "2005.07.06"]
[Round "7"]
[White "Thomas, Olivier"]
[Black "Vekemans, Paul"]
[Result "1-0"]
[WhiteElo "2116"]
[BlackElo "1892"]
[PlyCount "75"]
[EventDate "2005.07.02"]
[EventType "swiss"]
[EventRounds "9"]
[EventCountry "FRA"]
[SourceTitle "CBM 107 Extra"]
[Source "ChessBase"]
[SourceDate "2005.09.01"]
[SourceVersion "1"]
[SourceVersionDate "2005.09.01"]
[SourceQuality "1"]

1. e4 c6 2. d4 d5 3. e5 Bf5 4. Nf3 e6 5. Be2 Ne7 6. 0-0 c5 7. Be3 Nec6 8. c4 dxc4 9. Nc3 a6 10. dxc5 Nd7 11. Nd4 Nxd4 12. Bxd4 Nxc5 13. Bxc4 Be7 14. b4 Nd7 15. b5 0-0 16. Qe2 Qa5 17. g4 Bg6 18. f4 h6 19. f5 exf5 20. gxf5 Bh7 21. e6 Bc5 22. Bxc5 Nxc5 23. exf7+ Kh8 24. Qe3 Qb4 25. Rf4 Qa3 26. Re1 Nd7 27. bxa6 bxa6 28. Be6 Nf6 29. Nd5 Qxe3+ 30. Rxe3 Nxd5 31. Bxd5 Rad8 32. Bb3 g5 33. Rf2 Kg7 34. Re6 h5 35. Rxa6 Ra8 36. f6+ Kh8 37. Rxa8 Rxa8 38. Re2 1-0

[Event "La Fere op 4th"]
[Site "La Fere"]
[Date "2005.07.03"]
[Round "2"]
[White "Vepkhvishvili, Varlam"]
[Black "Thomas, Olivier"]
[Result "1-0"]
[WhiteElo "2401"]
[BlackElo "2116"]
[PlyCount "89"]
[EventDate "2005.07.02"]
[EventType "swiss"]
[EventRounds "9"]
[EventCountry "FRA"]
[SourceTitle "CBM 107 Extra"]
[Source "ChessBase"]
[SourceDate "2005.09.01"]
[SourceVersion "1"]
[SourceVersionDate "2005.09.01"]
[SourceQuality "1"]

1. e4 c5 2. Nf3 Nc6 3. d4 cxd4 4. Nxd4 Nf6 5. Nc3 e5 6. Ndb5 d6 7. a4 h6 8. Bc4 a6 9. Na3 Be7 10. 0-0 0-0 11. h3 Be6 12. Be3 Ne8 13. Nd5 Bg5 14. Bb6 Qd7 15. Qf3 Bxd5 16. Bxd5 Nc7 17. Bxc7 Qxc7 18. c3 Ne7 19. Rad1 Kh8 20. Qd3 Rad8 21. Qc4 Nxd5 22. Rxd5 Qc6 23. Rfd1 Be7 24. R5d3 Rc8 25. Qxc6 Rxc6 26. Nc2 f5 27. Nb4 Rc4 28. exf5 Rxf5 29. Nd5 Bg5 30. b3 Rc5 31. f3 a5 32. c4 Rc6 33. Nc3 Rb6 34. Ne4 Be7 35. Kf2 Rf8 36. Ke1 Rc8 37. Rc3 Kg8 38. Rd5 Ra8 39. Rcd3 Raa6 40. Rb5 Rxb5 41. cxb5 Ra8 42. Nxd6 Bxd6 43. Rxd6 Rc8 44. Kd2 Rc7 45. b6 1-0

[Event "FRA-chT3 Gr8 0203"]
[Site "France"]
[Date "2003.04.06"]
[Round "9"]
[White "Israel, Gregory"]
[Black "Thomas, Olivier"]
[Result "1-0"]
[WhiteElo "2081"]
[BlackElo "2147"]
[PlyCount "59"]
[EventDate "2002.10.??"]
[EventType "team-tourn"]
[EventRounds "9"]
[EventCountry "FRA"]
[SourceTitle "EXT 2005"]
[Source "ChessBase"]
[SourceDate "2004.11.15"]
[SourceVersion "1"]
[SourceVersionDate "2004.11.15"]
[SourceQuality "1"]

1. d4 Nf6 2. Bg5 g6 3. Bxf6 exf6 4. e3 f5 5. g3 b6 6. Bg2 c6 7. Ne2 a5 8. d5 Bg7 9. c3 c5 10. d6 Nc6 11. Nf4 Ba6 12. Nd5 0-0 13. Nc7 Ra7 14. Nxa6 Rxa6 15. Na3 a4 16. Qd3 Ra5 17. Bxc6 dxc6 18. d7 b5 19. Rd1 Be5 20. 0-0 Bc7 21. e4 f4 22. e5 c4 23. Qe4 fxg3 24. hxg3 Bxe5 25. Qxc6 Qb8 26. Rfe1 b4 27. Nxc4 Bxg3 28. Nxa5 Qa7 29. Rd4 Bxf2+ 30. Kxf2 1-0

[Event "FRA-chT3 Gr8 0203"]
[Site "France"]
[Date "2003.01.19"]
[Round "5"]
[White "Thomas, Olivier"]
[Black "Landuyt, Eric"]
[Result "1/2-1/2"]
[WhiteElo "2147"]
[BlackElo "2182"]
[PlyCount "66"]
[EventDate "2002.10.??"]
[EventType "team-tourn"]
[EventRounds "9"]
[EventCountry "FRA"]
[SourceTitle "EXT 2005"]
[Source "ChessBase"]
[SourceDate "2004.11.15"]
[SourceVersion "1"]
[SourceVersionDate "2004.11.15"]
[SourceQuality "1"]

1. e4 c6 2. d4 d5 3. e5 Bf5 4. Nc3 e6 5. g4 Bg6 6. Nge2 Bb4 7. h4 Be4 8. Rh3 h6 9. a3 Bxc3+ 10. Nxc3 Bh7 11. Bd3 Bxd3 12. Qxd3 Na6 13. f4 h5 14. g5 g6 15. Bd2 Ne7 16. Nd1 Nf5 17. Ne3 Nxe3 18. Rxe3 Qb6 19. Qb3 0-0-0 20. Qxb6 axb6 21. Bb4 c5 22. Rc3 Kb8 23. dxc5 d4 24. Rd3 bxc5 25. Ba5 Rc8 26. 0-0-0 Rc6 27. b4 cxb4 28. Bxb4 Rhc8 29. Bd6+ Ka7 30. R1d2 Nc7 31. Bxc7 R8xc7 32. Rxd4 Rc3 33. Rd7 Rxc2+ 1/2-1/2

[Event "FRA-chT3 Gr8 0203"]
[Site "France"]
[Date "2002.12.08"]
[Round "4"]
[White "Mazet, Julien"]
[Black "Thomas, Olivier"]
[Result "1/2-1/2"]
[WhiteElo "2220"]
[BlackElo "2147"]
[PlyCount "91"]
[EventDate "2002.10.??"]
[EventType "team-tourn"]
[EventRounds "9"]
[EventCountry "FRA"]
[SourceTitle "EXT 2005"]
[Source "ChessBase"]
[SourceDate "2004.11.15"]
[SourceVersion "1"]
[SourceVersionDate "2004.11.15"]
[SourceQuality "1"]

1. d4 Nf6 2. Nf3 g6 3. c4 Bg7 4. Nc3 0-0 5. Bg5 h6 6. Bh4 d6 7. e3 a6 8. Be2 c6 9. Nd2 b5 10. a3 Bb7 11. Bf3 Qb6 12. b4 bxc4 13. Nxc4 Qc7 14. 0-0 Nbd7 15. Na5 Rac8 16. Rc1 Qb6 17. Na4 Qa7 18. Bxc6 Ba8 19. Qf3 Nb6 20. Nxb6 Qxb6 21. Bxa8 Rxa8 22. Qc6 Qxc6 23. Rxc6 g5 24. Bg3 Ne4 25. f3 Nxg3 26. hxg3 f5 27. d5 f4 28. gxf4 gxf4 29. e4 Bd4+ 30. Kh2 Kf7 31. Rd1 Bf6 32. Rc7 Rg8 33. Nc4 Kg6 34. Nb6 Rab8 35. Nd7 Ra8 36. Nxf6 Kxf6 37. Rh1 Rgc8 38. Rhc1 Rg8 39. Rb7 Rg7 40. a4 Rg3 41. Rc2 h5 42. Re2 Rg5 43. a5 h4 44. Rb6 Ke5 45. Rb7 Kf6 46. Rb6 1/2-1/2

[Event "FRA-chT3 Gr8 0102"]
[Site "France"]
[Date "2002.03.10"]
[Round "7"]
[White "Thomas, Olivier"]
[Black "Depoorter, Enguerran"]
[Result "1/2-1/2"]
[WhiteElo "2139"]
[BlackElo "2035"]
[PlyCount "122"]
[EventDate "2001.10.??"]
[EventType "team-tourn"]
[EventRounds "9"]
[EventCountry "FRA"]
[SourceTitle "EXT 2005"]
[Source "ChessBase"]
[SourceDate "2004.11.15"]
[SourceVersion "1"]
[SourceVersionDate "2004.11.15"]
[SourceQuality "1"]

1. e4 e5 2. Nf3 Nc6 3. Bc4 Bc5 4. c3 Nf6 5. d3 0-0 6. 0-0 d6 7. Bb3 a6 8. Nbd2 Ba7 9. Re1 Bg4 10. Nf1 h6 11. h3 Be6 12. Bc2 d5 13. exd5 Qxd5 14. Be3 Bxe3 15. Nxe3 Qd6 16. Qe2 Nh5 17. Nc4 Bxc4 18. dxc4 Rae8 19. Qe4 Nf6 20. Qe3 Qe6 21. b3 Nh5 22. Be4 Nf4 23. Rad1 Kh8 24. Bd5 Qf6 25. Kh2 Ng6 26. Be4 Re7 27. b4 Qe6 28. Bd5 Qf6 29. b5 axb5 30. cxb5 Nd8 31. Be4 Rfe8 32. a4 Qe6 33. Bd5 Qf6 34. a5 c6 35. bxc6 bxc6 36. Be4 Qe6 37. Bxg6 Qxg6 38. a6 e4 39. Nd4 c5 40. Nb3 Qxa6 41. Nxc5 Qg6 42. Rd5 Nc6 43. Qf4 Ne5 44. Red1 f5 45. Qe3 Qh5 46. Qd4 Nd3 47. Ra1 Nxc5 48. Qxc5 Rf7 49. Rad1 Qg6 50. Rd8 Rxd8 51. Rxd8+ Kh7 52. Qc8 Qf6 53. Rh8+ Kg6 54. Re8 Qd6+ 55. g3 Rf6 56. Rd8 Qb6 57. Rd2 Qc6 58. Qxc6 Rxc6 59. Rc2 Rc4 60. Kg2 Kf6 61. h4 g5 1/2-1/2

[Event "FRA-chT3 Gr8 0102"]
[Site "France"]
[Date "2001.12.09"]
[Round "4"]
[White "Thomas, Olivier"]
[Black "Ramon, Didier"]
[Result "0-1"]
[WhiteElo "2143"]
[BlackElo "2177"]
[PlyCount "72"]
[EventDate "2001.10.??"]
[EventType "team-tourn"]
[EventRounds "9"]
[EventCountry "FRA"]
[SourceTitle "EXT 2005"]
[Source "ChessBase"]
[SourceDate "2004.11.15"]
[SourceVersion "1"]
[SourceVersionDate "2004.11.15"]
[SourceQuality "1"]

1. e4 c5 2. Nc3 Nc6 3. g3 Rb8 4. Bg2 b5 5. d3 e6 6. Be3 b4 7. Nce2 Nf6 8. h3 d5 9. exd5 Nxd5 10. Nf4 Rb6 11. Nxd5 exd5 12. Qh5 Be6 13. Qd1 Qf6 14. Ne2 Qxb2 15. 0-0 Bd6 16. d4 c4 17. Rb1 Qa3 18. Nf4 Bxf4 19. Bxf4 Ne7 20. Re1 0-0 21. g4 Qa4 22. Qd2 Rc8 23. Bg3 c3 24. Qg5 Qd7 25. Qe3 f6 26. Rb3 Re8 27. Qc1 Nc6 28. Qd1 Bf7 29. Rxe8+ Qxe8 30. Bd6 Na5 31. Bc5 Re6 32. Qd3 Nxb3 33. axb3 a5 34. Kh2 Qb8+ 35. Qg3 Qxg3+ 36. Kxg3 Re2 0-1

[Event "Le Touquet op 16th"]
[Site "Le Touquet"]
[Date "2001.10.31"]
[Round "7"]
[White "Thomas, Olivier"]
[Black "Coudenis, Alexandre"]
[Result "1-0"]
[WhiteElo "2144"]
[BlackElo "1900"]
[PlyCount "39"]
[EventDate "2001.10.27"]
[EventType "swiss"]
[EventRounds "9"]
[EventCountry "FRA"]
[SourceTitle "EXT 2002"]
[Source "ChessBase"]
[SourceDate "2001.11.25"]
[SourceVersion "1"]
[SourceVersionDate "2001.11.25"]
[SourceQuality "1"]

1. e4 e6 2. d4 d5 3. Nd2 c5 4. exd5 Qxd5 5. Ngf3 cxd4 6. Bc4 Qd6 7. 0-0 Nf6 8. Nb3 Nc6 9. Nbxd4 Nxd4 10. Qxd4 a6 11. Bg5 Qxd4 12. Nxd4 Ne4 13. Bh4 Bc5 14. Rad1 b5 15. Be2 Bb7 16. Bf3 Rd8 17. c3 Bd5 18. Rfe1 Nf6 19. Bxd5 Bxd4 20. Bc6+ 1-0

[Event "Le Touquet op 15th"]
[Site "Le Touquet"]
[Date "2000.10.31"]
[Round "5"]
[White "Thomas, Olivier"]
[Black "Dazin, Claude"]
[Result "1-0"]
[WhiteElo "2161"]
[BlackElo "2005"]
[PlyCount "49"]
[EventDate "2000.10.28"]
[EventType "swiss"]
[EventRounds "9"]
[EventCountry "FRA"]
[SourceTitle "EXT 2002"]
[Source "ChessBase"]
[SourceDate "2001.11.25"]
[SourceVersion "1"]
[SourceVersionDate "2001.11.25"]
[SourceQuality "1"]

1. e4 d6 2. d4 Nf6 3. Nc3 g6 4. f3 Bg7 5. Be3 0-0 6. Qd2 c6 7. 0-0-0 b5 8. Kb1 Qa5 9. h4 b4 10. Nce2 Ba6 11. h5 Rc8 12. hxg6 fxg6 13. g3 Nbd7 14. Bh3 Nb6 15. Be6+ Kf8 16. Bh6 Bc4 17. Bxg7+ Ke8 18. Bxc4 Nxc4 19. Qd3 Na3+ 20. bxa3 bxa3 21. Nc1 Rab8+ 22. Nb3 Nh5 23. Bh6 Qc7 24. g4 Nf6 25. Ne2 1-0